00839pam a2200217 a 4500020001700000040000800017082002600025245004100051260005200092300002600144500002000170650002900190650002800219700001600247856006600263856006600329856006700395942000700462999001700469952013500486 a0140445706 : cDLC00a812 PEN 1993 A093 Or.00aTelling tales :bnew one-act plays / aNew York, N.Y., U.S.A. :bPenguin Books,c1993. axii, 417 p. ;c21 cm. aIncludes index. 0aOne-act plays, American. 0aOne-act plays, English.1 aLane, Eric.42uhttp://www.loc.gov/catdir/enhancements/fy1510/92023876-b.html41uhttp://www.loc.gov/catdir/enhancements/fy1510/92023876-t.html42uhttps://www.loc.gov/catdir/enhancements/fy1609/92023876-d.html cEK c13389d13389 0010406812_000000000000000_PEN_1993_A095_OR70964377aLBAbLBAcA095d2017-08-25o812 PEN 1993 A095 Or.pA21142r2017-08-25yEK